| 000 | 00772nam a22002177a 4500 | ||
|---|---|---|---|
| 999 |
_c80135 _d317412 |
||
| 003 | OSt | ||
| 005 | 20220615113921.0 | ||
| 008 | 120314t2016 jo ||||f |||| 00| 0 ara d | ||
| 020 | _a9789957992330 | ||
| 040 |
_aMa-Un _bara _cMa-Un |
||
| 082 | 0 | 4 |
_a658.4012 _bر م إ _221 |
| 100 | 1 |
_aراضي، محمد فخري _991220 |
|
| 245 | 1 | 2 |
_aالإدارة الاسترانيجية / _cمحمد فخري راضي. |
| 250 | _aط. 1. | ||
| 260 |
_aعمان، الأردن : _bدار أمجد للنشر والتوزيع، _c2016 _m1437 |
||
| 300 |
_a230 ص. ؛ _c24 سم. |
||
| 504 | _aيشتمل على قائمة ببليوجرافية. | ||
| 650 | 7 |
_aالإدارة الاستراتيجية _991236 |
|
| 650 | 7 |
_aالإدارة التنفيذية _991237 |
|
| 942 |
_2ddc _cBOOK |
||